Počúvanie s porozumením s podporou technológií
Gespeichert in:
| 1. Verfasser: | |
|---|---|
| Weitere Verfasser: | , |
| Format: | Buchkapitel |
| Sprache: | Slowakisch |
| Tags: |
Keine Tags, Fügen Sie das erste Tag hinzu!
|
MARC
| LEADER | 00000naa$a2200000$$$4500 | ||
|---|---|---|---|
| 001 | 0247542 | ||
| 005 | 20240502083700.1 | ||
| 041 | 0 | |a slo | |
| 044 | |a CZ | ||
| 245 | 1 | 0 | |a Počúvanie s porozumením s podporou technológií |c Eva Stradiotová, Eleonóra Zsapková, Hana Pašková |
| 100 | 1 | |a Stradiotová, Eva, 1963- | |
| 700 | 1 | |a Zsapková, Eleonóra | |
| 700 | 1 | |a Pašková, Hana | |